GETS Theological Seminary Library

給父母的幸福秘笈: (Record no. 17747)

MARC details
000 -LEADER
fixed length control field 01028nam a2200253Ia 4500
008 - FIXED-LENGTH DATA ELEMENTS--GENERAL INFORMATION
fixed length control field 200824s9999||||xx |||||||||||||| ||und||
020 ## - INTERNATIONAL STANDARD BOOK NUMBER
International Standard Book Number 1885216912
020 ## - INTERNATIONAL STANDARD BOOK NUMBER
International Standard Book Number 9781885216915
041 ## - LANGUAGE CODE
Language code of text/sound track or separate title chi
Language code of original eng
050 ## - LIBRARY OF CONGRESS CALL NUMBER
Classification number BV4529
Item number .F4512 2009
100 ## - MAIN ENTRY--PERSONAL NAME
Personal name Feldhahn, Shaunti
245 #0 - TITLE STATEMENT
Title 給父母的幸福秘笈:
Remainder of title 進入你孩子的思維世界 = For parents only: getting inside the head of your kid /
Statement of responsibility, etc. 桑蒂·菲德翰 (Shaunti Feldhahn), 麗莎·萊斯 (Lisa Ann Rice) 著; 林思牧譯
246 ## - VARYING FORM OF TITLE
Title proper/short title 给父母的幸福秘笈 :
Remainder of title 进入你孩子的思维世界
260 ## - PUBLICATION, DISTRIBUTION, ETC.
Place of publication, distribution, etc. 美國:
Name of publisher, distributor, etc. 台福傳播中心
Date of publication, distribution, etc. 2009
300 ## - PHYSICAL DESCRIPTION
Extent 188 p.
Other physical details ;
Dimensions 18 cm.
500 ## - GENERAL NOTE
General note Translation of: For parents only: getting inside the head of your kid.
650 ## - SUBJECT ADDED ENTRY--TOPICAL TERM
Topical term or geographic name entry element Child rearing -- Religious aspects -- Christianity.
650 ## - SUBJECT ADDED ENTRY--TOPICAL TERM
Topical term or geographic name entry element Parenting -- Religious aspects -- Christinity.
650 ## - SUBJECT ADDED ENTRY--TOPICAL TERM
Topical term or geographic name entry element Religion -- Christian Life -- General.
700 ## - ADDED ENTRY--PERSONAL NAME
Personal name Rice, Lisa Ann
700 ## - ADDED ENTRY--PERSONAL NAME
Personal name 林思牧
700 ## - ADDED ENTRY--PERSONAL NAME
Personal name 桑蒂·菲德翰
Holdings
Withdrawn status Lost status Damaged status Not for loan Home library Current library Shelving location Date acquired Total Checkouts Full call number Barcode Date last seen Price effective from Koha item type
        GETS Theological Seminary Library GETS Theological Seminary Library   08/24/2020   BV4529 .F4512 2009 00005996 08/24/2020 08/24/2020 Chinese Book
OpacCredits

Contact the Librarian, GETS Library
Email: library@mygets.org









Implemented by GETS Library
(Powered by ETCA Professional Group)
GETS Theological Seminary
412 E. Rowland Street, CA 91723